| 000 | 00983nam a2200313Ia 4500 | ||
|---|---|---|---|
| 003 | OSt | ||
| 005 | 20221007123657.0 | ||
| 006 | a|||||r|||| 00| 0 | ||
| 007 | ta | ||
| 008 | 221006b |||||||| |||| 00| 0 eng d | ||
| 020 |
_a1860944353 (pbk) _c1220.24 |
||
| 024 | _a77638 | ||
| 037 |
_b1894, 29/03/2007, Unilib Book Distributors _cTextbook |
||
| 040 |
_aPAPL _cPAPL _beng |
||
| 041 |
_2eng _aeng |
||
| 082 | _aB7, P4 Carpa | ||
| 100 |
_aKibble Tom W B _9473087 |
||
| 245 | 0 |
_aClassical mechanics _b Berkshire Frank H |
|
| 250 | _a5 | ||
| 260 |
_aLondon _bImperial College Press _c2004 |
||
| 300 |
_axx,477p. _ccm. |
||
| 500 | _aBibliography 463-464p; Index 465-478p | ||
| 650 |
_a Analytic _9717589 |
||
| 650 | _a Mechanics | ||
| 650 | _aPhysics | ||
| 700 |
_a Berkshire Frank H _9473088 |
||
| 942 |
_hB7, P4 Carpa _cTB _2CC |
||
| 999 |
_c1212308 _d1212308 |
||